| 000 | 00584cam a22002054a 4500 | ||
|---|---|---|---|
| 020 | _a0821344943 | ||
| 040 | _cDLC | ||
| 082 | 0 | 0 | _a362 WOR 2003 A020 Or. |
| 245 | 0 | 0 |
_aInnovations in health service delivery : _bthe corporatization of public hospitals / |
| 260 |
_aWashington, D.C. : _bWorld Bank, _cc2003. |
||
| 300 |
_axx, 618 p. : _bill. ; _c22 cm. |
||
| 650 | 0 | _aHospitals | |
| 650 | 0 | _aHealth care reform | |
| 650 | 0 | _aCorporatization | |
| 650 | 0 | _aHospitals | |
| 650 | 0 | _aHealth care reform | |
| 700 | 1 | _aPreker, Alexander S., | |
| 700 | 1 | _aHarding, April, | |
| 942 | _cEK | ||
| 999 |
_c12452 _d12452 |
||